<?xml version="1.0" encoding="UTF-8"?>
<record
    xmlns:xsi="http://www.w3.org/2001/XMLSchema-instance"
    xsi:schemaLocation="http://www.loc.gov/MARC21/slim http://www.loc.gov/standards/marcxml/schema/MARC21slim.xsd"
    xmlns="http://www.loc.gov/MARC21/slim">

  <leader>00397nam a22001577a 4500</leader>
  <controlfield tag="003">BDDh-ASL</controlfield>
  <controlfield tag="005">20231015031020.0</controlfield>
  <controlfield tag="008">220920n        xx ||||| |||| 00| 0 urd d</controlfield>
  <datafield tag="040" ind1=" " ind2=" ">
    <subfield code="a">BDDh-ASL</subfield>
    <subfield code="c">BDDh-ASL</subfield>
  </datafield>
  <datafield tag="041" ind1=" " ind2=" ">
    <subfield code="a">urd</subfield>
  </datafield>
  <datafield tag="082" ind1=" " ind2=" ">
    <subfield code="a">297.59</subfield>
    <subfield code="b">TAR</subfield>
  </datafield>
  <datafield tag="245" ind1="0" ind2="0">
    <subfield code="a">Tarajimul Fatawi : / &#x62A;&#x631;&#x627;&#x62C;&#x645; &#x627;&#x644;&#x641;&#x62A;&#x627;&#x648;&#x6CC; </subfield>
  </datafield>
  <datafield tag="300" ind1=" " ind2=" ">
    <subfield code="a">16 p. : </subfield>
    <subfield code="c">24 cm. </subfield>
  </datafield>
  <datafield tag="650" ind1=" " ind2="0">
    <subfield code="9">3959</subfield>
    <subfield code="a">Islamic Law</subfield>
  </datafield>
  <datafield tag="942" ind1=" " ind2=" ">
    <subfield code="2">ddc</subfield>
    <subfield code="c">BK</subfield>
  </datafield>
  <datafield tag="952" ind1=" " ind2=" ">
    <subfield code="0">0</subfield>
    <subfield code="1">0</subfield>
    <subfield code="2">ddc</subfield>
    <subfield code="4">0</subfield>
    <subfield code="7">1</subfield>
    <subfield code="8">NFIC</subfield>
    <subfield code="a">ASL</subfield>
    <subfield code="b">ASL</subfield>
    <subfield code="c">GEN</subfield>
    <subfield code="d">2022-09-20</subfield>
    <subfield code="e">ASB Collections</subfield>
    <subfield code="h">U-0874</subfield>
    <subfield code="l">0</subfield>
    <subfield code="o">297.59 TAR</subfield>
    <subfield code="p">117492</subfield>
    <subfield code="r">2022-09-20 00:00:00</subfield>
    <subfield code="t">C-1</subfield>
    <subfield code="w">2022-09-20</subfield>
    <subfield code="y">BK</subfield>
    <subfield code="z">Y-0000</subfield>
  </datafield>
  <datafield tag="999" ind1=" " ind2=" ">
    <subfield code="c">29291</subfield>
    <subfield code="d">29291</subfield>
  </datafield>
</record>
